[Event "BL 0405 SC Eppingen - Preetzer TSV"]
[Site "?"]
[Date "2005.01.29"]
[Round "8.3"]
[White "Wisnewski, Christoph"]
[Black "Medvegy, Zoltan"]
[Result "0-1"]
[WhiteElo "2392"]
[BlackElo "2467"]
[PlyCount "140"]
[EventDate "2005.??.??"]

1. e4 c6 2. d4 d5 3. e5 Bf5 4. h4 h5 5. c4 e6 6. Nc3 Be7 7. cxd5 cxd5 8. Bg5
Nc6 9. Qd2 a6 10. Rc1 Rc8 11. Bxe7 Ngxe7 12. Na4 O-O 13. Be2 Qa5 14. Qxa5 Nxa5
15. Rxc8 Rxc8 16. Bxh5 Rc1+ 17. Bd1 b5 18. Ne2 Ra1 19. Nc5 Rxa2 20. b3 Nac6 21.
Rg1 Nb4 22. g4 Bc2 23. f4 Nec6 24. Kf2 Nd3+ 25. Ke3 Nxc5 26. dxc5 Bxd1 27. Rxd1
Rc2 28. Ra1 a5 29. Nd4 Rxc5 30. Nxc6 Rxc6 31. Kd4 a4 32. bxa4 Rc4+ 33. Ke3 bxa4
34. Rb1 Rc8 35. Ra1 Rc4 36. Rb1 Rc8 37. Ra1 Rc3+ 38. Kd2 Rc4 39. Ke3 Rb4 40.
Rc1 Rb8 41. Ra1 Rb3+ 42. Kf2 a3 43. h5 Rb2+ 44. Kf3 a2 45. g5 Rb3+ 46. Kf2 Ra3
47. Kg2 Kf8 48. Kf2 Kg8 49. Kg2 f6 50. gxf6 gxf6 51. f5 Kf7 52. h6 fxe5 53. h7
Ra8 54. Kf3 exf5 55. Rxa2 Rh8 56. Ra7+ Kg6 57. Ra6+ Kg5 58. Ra7 d4 59. Rg7+ Kf6
60. Ra7 Kg6 61. Re7 e4+ 62. Kf4 Rxh7 63. Re6+ Kf7 64. Rd6 e3 65. Rd7+ Kg6 66.
Rd6+ Kh5 67. Re6 Rf7 68. Re5 Kg6 69. Re6+ Rf6 70. Re8 Kf7 0-1

[Event "BL 0405 SC Eppingen - Preetzer TSV"]
[Site "?"]
[Date "2005.01.29"]
[Round "8.4"]
[White "Braun, Arik"]
[Black "Borbjergaard, Lars"]
[Result "1/2-1/2"]
[WhiteElo "2480"]
[BlackElo "2374"]
[PlyCount "63"]
[EventDate "2005.??.??"]

1. d4 Nf6 2. c4 g6 3. Nc3 Bg7 4. e4 d6 5. f3 O-O 6. Be3 c5 7. dxc5 dxc5 8. Qxd8
Rxd8 9. Bxc5 Nc6 10. Nd5 Nd7 11. Bxe7 Nxe7 12. Nxe7+ Kf8 13. Nd5 Bxb2 14. Rb1
Bg7 15. Ne2 Nc5 16. Nc1 Be6 17. Nd3 Rac8 18. Be2 b6 19. Nxc5 Rxc5 20. Rb3 Ra5
21. a3 Bd4 22. Kd2 b5 23. cxb5 Bxd5 24. exd5 Rxd5 25. Kc2 Bc5 26. Ra1 Ra4 27.
Bd3 Bd6 28. h3 Rc5+ 29. Kd1 h5 30. Rb4 Rxb4 31. axb4 Rc7 32. Ra4 1/2-1/2

[Event "BL 0405 SC Eppingen - Preetzer TSV"]
[Site "?"]
[Date "2005.01.29"]
[Round "8.5"]
[White "Junge, Kai"]
[Black "Mann, Christian"]
[Result "1/2-1/2"]
[WhiteElo "2259"]
[BlackElo "2455"]
[PlyCount "51"]
[EventDate "2005.??.??"]

1. Nf3 Nf6 2. g3 g6 3. Bg2 Bg7 4. O-O O-O 5. c4 c6 6. d4 d5 7. Nbd2 Qb6 8. e3
Rd8 9. Qa4 Na6 10. a3 c5 11. cxd5 Bd7 12. Qb3 Qxb3 13. Nxb3 Nxd5 14. Nxc5 Nxc5
15. dxc5 Bb5 16. Re1 Rac8 17. Nd4 Rxc5 18. Nxb5 Rxb5 19. Rd1 Rd6 20. a4 Rc5 21.
e4 Nb4 22. Be3 Rc2 23. Bxa7 Bxb2 24. Rab1 Rxd1+ 25. Rxd1 Nc6 26. Be3 1/2-1/2

[Event "BL 0405 SC Eppingen - Preetzer TSV"]
[Site "?"]
[Date "2005.01.29"]
[Round "8.6"]
[White "Miltner, Arndt"]
[Black "Willsch, Matthias"]
[Result "0-1"]
[WhiteElo "2402"]
[BlackElo "2250"]
[PlyCount "110"]
[EventDate "2005.??.??"]

1. Nf3 d5 2. d3 Nf6 3. Nbd2 e6 4. e4 b6 5. c3 Bb7 6. e5 Nfd7 7. d4 c5 8. Bd3
Be7 9. O-O Ba6 10. Bxa6 Nxa6 11. Qa4 Nc7 12. dxc5 bxc5 13. Qg4 O-O 14. Nb3 f5
15. exf6 Rxf6 16. Bf4 Rg6 17. Qh3 Ne8 18. Rfe1 Qb6 19. Re2 Rf6 20. Rae1 Nf8 21.
Bc1 Nd6 22. Ne5 Nf7 23. Nxf7 Rxf7 24. Nd2 Bf6 25. Nf3 Re8 26. Qg4 Rfe7 27. Bf4
Ng6 28. Bg3 e5 29. h4 e4 30. Ng5 Bxg5 31. Qxg5 Qe6 32. Rd1 Rd7 33. h5 Ne7 34.
c4 d4 35. Rde1 e3 36. fxe3 d3 37. Rd2 Qxc4 38. Be5 Nc6 39. Bc3 h6 40. Qg6 Qe6
41. Qxe6+ Rxe6 42. e4 Nd4 43. Re3 c4 44. b3 Nb5 45. Ba1 c3 46. Rdxd3 c2 47. Bb2
Red6 48. Rxd6 Rxd6 49. Kf2 Rd1 50. Re1 Nc3 51. a4 Na2 52. Re2 c1=Q 53. Bxc1
Nxc1 54. Re3 Rd2+ 55. Kf3 Rb2 0-1

[Event "BL 0405 SC Eppingen - Preetzer TSV"]
[Site "?"]
[Date "2005.01.29"]
[Round "8.7"]
[White "Marxen, Peter Dr"]
[Black "Balzar, Andreas Dr"]
[Result "0-1"]
[WhiteElo "2212"]
[BlackElo "2352"]
[PlyCount "68"]
[EventDate "2005.??.??"]

1. e4 c5 2. Nf3 d6 3. d4 cxd4 4. Nxd4 Nf6 5. Nc3 a6 6. Bg5 e6 7. f4 Be7 8. Qf3
Qc7 9. O-O-O h6 10. Bh4 Nbd7 11. Bf2 b5 12. a3 Bb7 13. Bd3 Rc8 14. Kb1 Nc5 15.
Qe2 O-O 16. Rhe1 d5 17. exd5 Nxd5 18. Nxd5 Bxd5 19. f5 Bf6 20. fxe6 fxe6 21.
Nf3 Nxd3 22. cxd3 Qa5 23. Rc1 Qa4 24. Rxc8 Rxc8 25. Rc1 Rxc1+ 26. Kxc1 b4 27.
Qc2 Bb3 28. Qc8+ Kh7 29. Qc5 bxa3 30. Qxa3 Qf4+ 31. Kb1 Bd5 32. d4 Be4+ 33. Ka2
Qc1 34. Nd2 Qxd2 0-1

[Event "BL 0405 SC Eppingen - Preetzer TSV"]
[Site "?"]
[Date "2005.01.29"]
[Round "8.8"]
[White "Koch, Wolfgang Max Dr"]
[Black "Reinecker, Kai"]
[Result "1-0"]
[WhiteElo "2330"]
[BlackElo "2220"]
[PlyCount "97"]
[EventDate "2005.??.??"]

1. d4 Nf6 2. Nf3 e6 3. c4 c5 4. d5 exd5 5. cxd5 d6 6. Nc3 g6 7. e4 Bg7 8. Bd3
O-O 9. O-O a6 10. a4 Re8 11. h3 c4 12. Bc2 Nbd7 13. Be3 b6 14. Qe2 Qc7 15. Nd2
Ne5 16. f4 Nd3 17. Bxd3 cxd3 18. Qxd3 Bb7 19. Bd4 Re7 20. Rac1 Rae8 21. e5 dxe5
22. fxe5 Rxe5 23. Bxe5 Qxe5 24. Rce1 Qxe1 25. Rxe1 Rxe1+ 26. Kf2 Re8 27. Nc4
Bf8 28. d6 Nd7 29. Nd5 Re6 30. Nc7 Rf6+ 31. Kg1 Bc6 32. Qb3 Bxd6 33. Nxd6 Rxd6
34. Nxa6 Rd2 35. Qc3 Rd1+ 36. Kh2 Bxa4 37. Nc7 Nc5 38. Qb4 Rc1 39. Nd5 Bb3 40.
Nf6+ Kg7 41. Qxb6 Be6 42. Ne8+ Kf8 43. Nc7 Ke7 44. Qb8 Bb3 45. Qe8+ Kd6 46.
Nb5+ Kd5 47. Qxf7+ Ke5 48. Qg7+ Kf5 49. Nd4+ 1-0

[Event "BL0405 Werder Bremen-TV Tegernsee"]
[Site "?"]
[Date "2005.01.29"]
[Round "8.2"]
[White "Hracek, Zbynek"]
[Black "Sokolov, Andrei"]
[Result "1/2-1/2"]
[WhiteElo "2579"]
[BlackElo "2583"]
[PlyCount "84"]
[EventDate "2005.??.??"]

1. e4 c5 2. Nf3 e6 3. d4 cxd4 4. Nxd4 Nf6 5. Nc3 d6 6. f4 Nc6 7. Be3 Be7 8. Qf3
e5 9. Nxc6 bxc6 10. f5 O-O 11. O-O-O Qa5 12. Bc4 Rb8 13. Bb3 Nd7 14. g4 Nc5 15.
g5 Nxb3+ 16. cxb3 d5 17. f6 d4 18. fxe7 Re8 19. Bd2 dxc3 20. Bxc3 Qc7 21. Rd8
Qxe7 22. Rxe8+ Qxe8 23. Qg3 Rb7 24. Qxe5 Qxe5 25. Bxe5 Bg4 26. Bd6 Bf3 27. Re1
f6 28. Re3 Bh1 29. gxf6 gxf6 30. Kc2 Kf7 31. Kc3 Ke6 32. Bc5 a6 33. Bd4 Rb5 34.
Re1 Bg2 35. Re2 Rg5 36. Rf2 Bxe4 37. Rxf6+ Kd5 38. Rf2 Rg2 39. Rxg2 Bxg2 40.
Bf2 c5 41. b4 cxb4+ 42. Kxb4 Kc6 1/2-1/2

[Event "BL0405 Werder Bremen-TV Tegernsee"]
[Site "?"]
[Date "2005.01.29"]
[Round "8.4"]
[White "Babula, Vlastimil"]
[Black "Bischoff, Klaus"]
[Result "1/2-1/2"]
[WhiteElo "2569"]
[BlackElo "2559"]
[PlyCount "48"]
[EventDate "2005.??.??"]

1. d4 e6 2. c4 Bb4+ 3. Bd2 Bxd2+ 4. Qxd2 Nf6 5. g3 O-O 6. Bg2 d5 7. Nf3 Nbd7 8.
O-O c6 9. Qc2 b6 10. Nbd2 Bb7 11. b4 Qe7 12. a3 a5 13. c5 Ba6 14. Rfe1 axb4 15.
axb4 Bb5 16. Bf1 Rfc8 17. Ra2 Rab8 18. Ra7 Qd8 19. Rea1 h6 20. Nb1 Bc4 21. Nfd2
b5 22. Nc3 Ne8 23. Bg2 Nc7 24. R1a5 Nf8 1/2-1/2

[Event "BL0405 Werder Bremen-TV Tegernsee"]
[Site "?"]
[Date "2005.01.29"]
[Round "8.5"]
[White "Boensch, Uwe"]
[Black "Nyback, Tomi"]
[Result "0-1"]
[WhiteElo "2540"]
[BlackElo "2562"]
[PlyCount "76"]
[EventDate "2005.??.??"]

1. d4 Nf6 2. c4 g6 3. Nc3 d5 4. Nf3 Bg7 5. Bg5 Ne4 6. cxd5 Nxg5 7. Nxg5 e6 8.
Nf3 exd5 9. e3 a5 10. Be2 O-O 11. O-O c6 12. Na4 Nd7 13. Rc1 Re8 14. Ne1 Bf8
15. Nd3 Bd6 16. Re1 Nf6 17. Bf3 h5 18. g3 h4 19. Nac5 Kg7 20. a3 Ne4 21. Bxe4
dxe4 22. Ne5 hxg3 23. fxg3 f6 24. Nc4 Bc7 25. Nd2 f5 26. Nf1 b6 27. Na4 Bd7 28.
Re2 Qf6 29. Rd2 Red8 30. d5 c5 31. Nc3 Be5 32. a4 Rac8 33. Qc2 Be8 34. Rcd1 c4
35. d6 Qe6 36. Nd5 Rxd6 37. Nf4 Bxf4 38. gxf4 Rd3 0-1

[Event "BL0405 Werder Bremen-TV Tegernsee"]
[Site "?"]
[Date "2005.01.29"]
[Round "8.7"]
[White "Hertneck, Gerald"]
[Black "Knaak, Rainer"]
[Result "0-1"]
[WhiteElo "2557"]
[BlackElo "2486"]
[PlyCount "74"]
[EventDate "2005.??.??"]

1. e4 e6 2. d4 d5 3. Nc3 Nf6 4. e5 Nfd7 5. f4 c5 6. Nf3 Nc6 7. Be3 cxd4 8. Nxd4
Bc5 9. Qd2 O-O 10. O-O-O a6 11. Qf2 Bxd4 12. Bxd4 b5 13. Be3 b4 14. Na4 Bb7 15.
Bd3 Qa5 16. b3 d4 17. Be4 dxe3 18. Qh4 Rfd8 19. Qxh7+ Kf8 20. Qh8+ Ke7 21. Qxg7
Nf8 22. Rde1 Ra7 23. Rxe3 Nd4 24. Bxb7 Rxb7 25. Kb2 Ke8 26. Rh3 Nf5 27. Qg5 Rd2
28. Rc1 Qd5 29. g4 Rg2 30. Kb1 Rc7 31. Rd3 Nd4 32. f5 Qxe5 33. Rcd1 Rd7 34. c3
bxc3 35. Nxc3 Nb5 36. Qc1 Nxc3+ 37. Rxc3 Qxc3 0-1

[Event "BL0405 Werder Bremen-TV Tegernsee"]
[Site "?"]
[Date "2005.01.29"]
[Round "8.8"]
[White "Meins, Gerlef"]
[Black "Teske, Henrik"]
[Result "1-0"]
[WhiteElo "2448"]
[BlackElo "2542"]
[PlyCount "73"]
[EventDate "2005.??.??"]

1. d4 e6 2. Nf3 Nf6 3. g3 b5 4. Bg2 Bb7 5. O-O c5 6. c3 Nc6 7. Bg5 Qb6 8. Bxf6
gxf6 9. e3 d5 10. Nbd2 f5 11. a4 a6 12. axb5 axb5 13. Rxa8+ Bxa8 14. dxc5 Bxc5
15. Nd4 O-O 16. Qh5 Ne5 17. N2f3 f6 18. Nxe5 fxe5 19. Nf3 Qc7 20. Qh6 Re8 21.
Qg5+ Kf7 22. Qh5+ Kf8 23. Ng5 Qg7 24. Ra1 Bb7 25. Bf1 b4 26. Bb5 Re7 27. Bd7
Qf6 28. Nxh7+ Rxh7 29. Qxh7 f4 30. exf4 exf4 31. Qh4 Qxh4 32. gxh4 Ke7 33. Ra5
bxc3 34. bxc3 Bd6 35. Ra7 Kxd7 36. Rxb7+ Kc6 37. Rf7 1-0

[Event "BL0405 Erfurter SK-Stuttgarter SFr"]
[Site "?"]
[Date "2005.01.29"]
[Round "8.1"]
[White "Sedlak, Nikola"]
[Black "Haba, Petr"]
[Result "1-0"]
[WhiteElo "2519"]
[BlackElo "2531"]
[PlyCount "83"]
[EventDate "2005.??.??"]

1. e4 e5 2. Nf3 Nc6 3. Bb5 a6 4. Ba4 Nf6 5. O-O Nxe4 6. d4 b5 7. Bb3 d5 8. dxe5
Be6 9. Be3 Be7 10. c3 Nc5 11. Bc2 Nd7 12. Re1 Ndxe5 13. Nxe5 Nxe5 14. Bd4 Nc6
15. Bxg7 Rg8 16. Qh5 Kd7 17. Bh6 Bd6 18. f4 Kc8 19. Nd2 Kb7 20. Kh1 Qf6 21. Bg5
Qg7 22. Qxh7 Qf8 23. Qh6 Qc8 24. Bf6 Bf5 25. Bb3 Rg6 26. Qh4 Rg4 27. Qh5 Rg6
28. Be5 Bxe5 29. fxe5 Be6 30. Bc2 Rg4 31. a4 b4 32. Bd1 Rf4 33. Nb3 Qf8 34. Qg5
Rf5 35. Qd2 Rxe5 36. Rxe5 Nxe5 37. Na5+ Kc8 38. Be2 Qd6 39. cxb4 Kd7 40. Nb7
Qf8 41. Nc5+ Ke7 42. Nxa6 1-0

[Event "BL0405 Erfurter SK-Stuttgarter SFr"]
[Site "?"]
[Date "2005.01.29"]
[Round "8.2"]
[White "Kuczynski, Robert"]
[Black "Schmittdiel, Eckhard"]
[Result "1-0"]
[WhiteElo "2475"]
[BlackElo "2449"]
[PlyCount "89"]
[EventDate "2005.??.??"]

1. e4 c5 2. Nf3 Nc6 3. Bb5 g6 4. Bxc6 dxc6 5. d3 Bg4 6. Nbd2 Bg7 7. h3 Bxf3 8.
Nxf3 e5 9. Be3 Qe7 10. a3 Nf6 11. Nd2 O-O 12. O-O b6 13. Nc4 Rfd8 14. Qf3 Nd5
15. Bd2 Nc7 16. b4 Ne6 17. Rab1 Rac8 18. bxc5 Qxc5 19. Bb4 Qd4 20. Be7 Rd7 21.
Bf6 Qc5 22. Nxe5 Nd4 23. Qg4 Rdc7 24. Qh4 Qxa3 25. Ng4 Ne2+ 26. Kh1 h5 27. Bxg7
Kxg7 28. Qf6+ Kh7 29. Rfe1 hxg4 30. Rxe2 Qe7 31. Qxe7 Rxe7 32. hxg4 Rb7 33. d4
b5 34. c3 a5 35. Ra2 Ra8 36. f3 g5 37. Kg1 f6 38. Kf2 Kg6 39. Ke3 Rh7 40. Kf2
Rd7 41. Ke3 Rc7 42. c4 Rb7 43. c5 b4 44. Ra4 b3 45. Kd3 1-0

[Event "BL0405 Erfurter SK-Stuttgarter SFr"]
[Site "?"]
[Date "2005.01.29"]
[Round "8.3"]
[White "Reuss, Andreas"]
[Black "Machelett, Heiko"]
[Result "0-1"]
[WhiteElo "2356"]
[BlackElo "2401"]
[PlyCount "97"]
[EventDate "2005.??.??"]

1. Nf3 Nf6 2. c4 d6 3. Nc3 Bg4 4. e4 c5 5. h3 Bxf3 6. Qxf3 Nc6 7. d3 g6 8. g4
Bg7 9. Be3 Nd7 10. Qd1 Qa5 11. Rc1 a6 12. Bg2 Nb4 13. O-O Ne5 14. f4 Nexd3 15.
Rb1 Nxb2 16. Qb3 N4d3 17. e5 O-O 18. Nd5 dxe5 19. Nxe7+ Kh8 20. f5 Rfe8 21. Nd5
e4 22. f6 Bf8 23. Rxb2 Nxb2 24. Qxb2 b5 25. Qc1 Rad8 26. Bh6 Bxh6 27. Qxh6 Rg8
28. g5 Rxd5 29. cxd5 Qd2 30. Kh1 c4 31. Bxe4 c3 32. Qh4 Re8 33. Qh6 Rg8 34. Qh4
Re8 35. Qf4 Qxa2 36. d6 Qe6 37. Bg2 Rd8 38. Rc1 h6 39. h4 a5 40. Kh2 b4 41. d7
Qxd7 42. Qc4 Qd4 43. Qc7 Qxh4+ 44. Kg1 Rd2 45. Qc6 Kh7 46. Qb7 Qd4+ 47. Kh1 Qd7
48. Qxd7 Rxd7 49. Bc6 0-1

[Event "BL0405 Erfurter SK-Stuttgarter SFr"]
[Site "?"]
[Date "2005.01.29"]
[Round "8.5"]
[White "Vuckovic, Aleksandar"]
[Black "Brueggemann, Joachim"]
[Result "1/2-1/2"]
[WhiteElo "2325"]
[BlackElo "2408"]
[PlyCount "70"]
[EventDate "2005.??.??"]

1. e4 c5 2. Nf3 Nc6 3. d4 cxd4 4. Nxd4 Nf6 5. Nc3 d6 6. Be2 e5 7. Nb3 Be7 8.
Be3 O-O 9. O-O a5 10. a3 Be6 11. Bf3 a4 12. Nc1 Nd7 13. N1e2 Nb6 14. b3 axb3
15. cxb3 Na5 16. Nd5 Nxd5 17. exd5 Bd7 18. Nc3 f5 19. Be2 Rc8 20. Rc1 Bg5 21.
Bxg5 Qxg5 22. Re1 Qf6 23. Na2 e4 24. b4 Qb2 25. bxa5 Qxa2 26. Ra1 Qc2 27. Rb1
Qxd1 28. Bxd1 Rc7 29. f3 Ra8 30. fxe4 fxe4 31. Rb6 Rxa5 32. Rxd6 Rxa3 33. Rxe4
Ra1 34. Rd4 Bb5 35. Kf2 Ra2+ 1/2-1/2

[Event "BL0405 Erfurter SK-Stuttgarter SFr"]
[Site "?"]
[Date "2005.01.29"]
[Round "8.8"]
[White "Enders, Peter"]
[Black "Migl, Dieter"]
[Result "1-0"]
[WhiteElo "2456"]
[BlackElo "2198"]
[PlyCount "53"]
[EventDate "2005.??.??"]

1. e4 c5 2. Nf3 Nc6 3. d4 cxd4 4. Nxd4 Nf6 5. Nc3 d6 6. Bc4 e6 7. Be3 Be7 8.
Qe2 O-O 9. O-O-O Bd7 10. Kb1 Rc8 11. Bb3 Nxd4 12. Rxd4 Qa5 13. Rhd1 Rfd8 14. g4
Bc6 15. g5 Nd7 16. h4 b5 17. Bc1 Bf8 18. a3 Ne5 19. h5 Nc4 20. g6 Be8 21. gxf7+
Bxf7 22. Nxb5 e5 23. Rd5 Bxd5 24. Rxd5 Nb6 25. Nxd6 Nxd5 26. Bxd5+ Kh8 27. Nf7+
1-0

[Event "BL 0405 SV Mülheim Nord - SC Kreuzberg"]
[Site "?"]
[Date "2005.01.29"]
[Round "8.2"]
[White "Fridman, Daniel"]
[Black "Almasi, Zoltan"]
[Result "1-0"]
[WhiteElo "2578"]
[BlackElo "2650"]
[PlyCount "69"]
[EventDate "2005.??.??"]

1. d4 Nf6 2. c4 e6 3. Nc3 Bb4 4. Qc2 O-O 5. a3 Bxc3+ 6. Qxc3 b6 7. Bg5 Bb7 8.
f3 h6 9. Bh4 d5 10. e3 Nbd7 11. cxd5 Nxd5 12. Bxd8 Nxc3 13. Bh4 Nd5 14. Bf2 c5
15. e4 Nf4 16. Be3 Ng6 17. O-O-O Rac8 18. Kb1 cxd4 19. Rxd4 Nde5 20. Nh3 Ne7
21. Bb5 Bc6 22. Ba6 Rcd8 23. Rc1 b5 24. Nf2 f5 25. exf5 Nd5 26. Rc5 Nxe3 27.
Rxd8 Rxd8 28. Rxe5 Nxf5 29. Rxe6 Nd4 30. Re3 Nf5 31. Rc3 Rd6 32. Bc8 Nh4 33.
Bh3 Kh7 34. Rd3 Rg6 35. g3 1-0

[Event "BL 0405 SV Mülheim Nord - SC Kreuzberg"]
[Site "?"]
[Date "2005.01.29"]
[Round "8.3"]
[White "Socko, Bartosz"]
[Black "Levin, Felix"]
[Result "1-0"]
[WhiteElo "2570"]
[BlackElo "2498"]
[PlyCount "51"]
[EventDate "2005.??.??"]

1. e4 c6 2. d4 d5 3. e5 Bf5 4. Be3 e6 5. Nd2 Nd7 6. Nb3 Bg6 7. f4 Nh6 8. Be2
Be7 9. Nf3 Nf5 10. Bf2 Nh4 11. Nxh4 Bxh4 12. O-O Be7 13. g4 f6 14. exf6 Nxf6
15. Bh4 O-O 16. Nc5 Bxc5 17. dxc5 Qa5 18. f5 exf5 19. gxf5 Be8 20. Qd4 b6 21.
b4 Qa4 22. Bd3 b5 23. Kh1 Bh5 24. Rf2 a5 25. Rg1 Kh8 26. Rxg7 1-0

[Event "BL 0405 SV Mülheim Nord - SC Kreuzberg"]
[Site "?"]
[Date "2005.01.29"]
[Round "8.4"]
[White "Schebler, Gerhard"]
[Black "Maiwald, Jens-Uwe"]
[Result "0-1"]
[WhiteElo "2496"]
[BlackElo "2514"]
[PlyCount "62"]
[EventDate "2005.??.??"]

1. Nf3 d6 2. d4 Nf6 3. c4 g6 4. Nc3 Bg7 5. e4 O-O 6. Be2 e5 7. Be3 c6 8. d5 Ng4
9. Bc1 f5 10. O-O Na6 11. Ng5 Nf6 12. Bf3 cxd5 13. Nxd5 h6 14. exf5 hxg5 15.
fxg6 g4 16. Nxf6+ Qxf6 17. Bxg4 Qxg6 18. Bh5 Qf6 19. Be3 Nc7 20. Qd2 Ne6 21.
Qxd6 Rd8 22. Qb4 Nd4 23. Rad1 Qh4 24. Bg6 Bg4 25. f3 Nxf3+ 26. gxf3 Rxd1 27.
Rxd1 Bxf3 28. Bf5 Bxd1 29. Qxb7 Rd8 30. Kg2 Bg4 31. Qe4 Qh3+ 0-1

[Event "BL 0405 SV Mülheim Nord - SC Kreuzberg"]
[Site "?"]
[Date "2005.01.29"]
[Round "8.5"]
[White "Kalinitschew, Sergey"]
[Black "Saltaev, Mihail"]
[Result "1-0"]
[WhiteElo "2533"]
[BlackElo "2485"]
[PlyCount "67"]
[EventDate "2005.??.??"]

1. d4 d5 2. c4 c6 3. Nf3 Nf6 4. e3 a6 5. Bd3 g6 6. O-O Bf5 7. Bxf5 gxf5 8. Qb3
Ra7 9. Bd2 e6 10. Rc1 Rg8 11. Nc3 Ne4 12. cxd5 Nxd2 13. Nxd2 cxd5 14. Nf3 Bd6
15. Ne2 Nc6 16. Rc3 Ke7 17. Rac1 f6 18. Nf4 Bxf4 19. exf4 Qc7 20. Re1 Kf7 21.
Rce3 Nd8 22. g3 Ra8 23. Nh4 Qd7 24. Qa3 Qc6 25. Kg2 Rc8 26. Qd3 Qc2 27. Qa3 Qc6
28. R3e2 Rc7 29. Qf3 Kg7 30. Qh5 Kh8 31. Re3 Qb6 32. Nxf5 exf5 33. Re7 Rxe7 34.
Rxe7 1-0

[Event "BL 0405 SV Mülheim Nord - SC Kreuzberg"]
[Site "?"]
[Date "2005.01.29"]
[Round "8.7"]
[White "Tischbierek, Raj"]
[Black "Hausrath, Daniel"]
[Result "1/2-1/2"]
[WhiteElo "2477"]
[BlackElo "2478"]
[PlyCount "177"]
[EventDate "2005.??.??"]

1. e4 c5 2. Nf3 Nc6 3. Bb5 Nf6 4. Bxc6 dxc6 5. d3 g6 6. h3 Bg7 7. Nc3 Nd7 8.
O-O e5 9. Be3 Qe7 10. Qd2 Nf8 11. Bh6 f6 12. Bxg7 Qxg7 13. Nh2 Ne6 14. Ne2 O-O
15. Rae1 g5 16. Ng3 Nf4 17. Ng4 h5 18. Ne3 h4 19. Ngf5 Qh7 20. g3 Ne6 21. c3
Ng7 22. Ne7+ Kh8 23. Nxc8 Raxc8 24. Kg2 Rcd8 25. Qe2 Rd7 26. Rd1 Rfd8 27. Ng4
Nh5 28. Rd2 Qg6 29. Rfd1 Ng7 30. Qf3 Rd6 31. Kh2 R8d7 32. a3 Nh5 33. Ne3 Ng7
34. Nc4 Re6 35. a4 Qh5 36. Qe3 b6 37. a5 b5 38. Na3 Red6 39. g4 Qf7 40. Qxc5
Ne6 41. Qe3 Nf4 42. d4 Qe7 43. d5 Qd8 44. b4 cxd5 45. Nxb5 d4 46. cxd4 exd4 47.
Nxd4 Qb8 48. e5 Rd5 49. Nf3 Rxd2 50. Rxd2 Rxd2 51. Qxd2 fxe5 52. Nxg5 Qb7 53.
f3 Qb5 54. Qf2 Kg8 55. Ne4 Qxb4 56. Qxa7 Qb2+ 57. Qf2 Qa3 58. a6 Qxa6 59. Qxh4
Qe2+ 60. Qf2 Qd1 61. Qa2+ Kf8 62. Qa8+ Kf7 63. Qb7+ Ke6 64. Nc5+ Kf6 65. Qc6+
Ke7 66. Qc7+ Kf6 67. Nd7+ Ke6 68. Nf8+ Kf6 69. Nd7+ Ke6 70. Nc5+ Kf6 71. Ne4+
Ke6 72. Qb6+ Ke7 73. Qf6+ Kd7 74. Nc5+ Kc8 75. Qh8+ Kc7 76. Qxe5+ Kc6 77. Qc3
Ne2 78. Qe3 Qd6+ 79. f4 Nxf4 80. Ne4 Qb8 81. Qc5+ Kd7 82. Qf5+ Ke8 83. Nf6+ Ke7
84. Ng8+ Ke8 85. Nf6+ Ke7 86. g5 Ne6+ 87. Kg2 Qb2+ 88. Kg3 Qc3+ 89. Kg4 1/2-1/2

[Event "BL 0405 SV Mülheim Nord - SC Kreuzberg"]
[Site "?"]
[Date "2005.01.29"]
[Round "8.8"]
[White "Sielecki, Christof"]
[Black "Lau, Ralf"]
[Result "1-0"]
[WhiteElo "2375"]
[BlackElo "2481"]
[PlyCount "107"]
[EventDate "2005.??.??"]

1. d4 e6 2. c4 b6 3. Nf3 Bb7 4. Nc3 Bb4 5. Bg5 Ne7 6. Qb3 c5 7. a3 Bxc3+ 8.
Qxc3 O-O 9. e3 Nbc6 10. dxc5 bxc5 11. Rd1 f6 12. Bh4 Qc7 13. b4 Nf5 14. Bg3 e5
15. Qd3 Nce7 16. Qxd7 Qxd7 17. Rxd7 Bc6 18. Rc7 cxb4 19. axb4 a6 20. Nd2 Rfb8
21. e4 Nxg3 22. hxg3 Rb7 23. Rxb7 Bxb7 24. c5 Nc6 25. Nc4 h6 26. Nd6 Ra7 27.
Bc4+ Kf8 28. Bd5 Ba8 29. Bxc6 Bxc6 30. Kd2 Ra8 31. Ra1 Ke7 32. f3 Ke6 33. Kc3
h5 34. Nc4 Bb5 35. Rd1 Ke7 36. Nd6 Bc6 37. Nf5+ Kf7 38. Rd6 Rc8 39. Rd2 Ra8 40.
Nd6+ Ke7 41. Nc4 Rd8 42. Nd6 g6 43. Ra2 Ra8 44. Nc4 Ra7 45. Nb6 Kf7 46. Rd2 Re7
47. Rd6 Re6 48. Kc4 f5 49. Rxc6 Rxc6 50. Kd5 Rc7 51. Kd6 Rb7 52. Nd5 fxe4 53.
fxe4 Ke8 54. c6 1-0

[Event "BL 0405 SF Katernberg - SFR Neukölln"]
[Site "?"]
[Date "2005.01.29"]
[Round "8.2"]
[White "Glek, Igor V"]
[Black "Miroshnichenko, Evgenij"]
[Result "1/2-1/2"]
[WhiteElo "2580"]
[BlackElo "2617"]
[PlyCount "55"]
[EventDate "2005.??.??"]

1. d4 Nf6 2. Nf3 d5 3. c4 c6 4. e3 e6 5. Nbd2 c5 6. a3 cxd4 7. exd4 Nc6 8. c5
a5 9. Rb1 Be7 10. b4 axb4 11. axb4 Ne4 12. Qc2 Bf6 13. Bb5 O-O 14. Bxc6 Nxd2
15. Bxd2 bxc6 16. O-O Ba6 17. Rfe1 Bb5 18. Ra1 Rxa1 19. Rxa1 Be2 20. Ng5 g6 21.
Be3 Bg4 22. f4 e5 23. dxe5 Bxg5 24. fxg5 d4 25. Bf4 Qd5 26. h3 d3 27. Qc3 Be6
28. Bd2 1/2-1/2

[Event "BL 0405 SF Katernberg - SFR Neukölln"]
[Site "?"]
[Date "2005.01.29"]
[Round "8.3"]
[White "Polzin, Rainer"]
[Black "Chuchelov, Vladimir"]
[Result "1-0"]
[WhiteElo "2517"]
[BlackElo "2571"]
[PlyCount "85"]
[EventDate "2005.??.??"]

1. e4 c5 2. Nf3 Nc6 3. d4 cxd4 4. Nxd4 Nf6 5. Nc3 e5 6. Ndb5 d6 7. Bg5 a6 8.
Na3 b5 9. Nd5 Be7 10. Bxf6 Bxf6 11. c4 Qa5+ 12. Qd2 b4 13. Nc2 Rb8 14. b3 Qc5
15. Nxf6+ gxf6 16. g3 a5 17. Bg2 Be6 18. Rd1 Ke7 19. O-O a4 20. Qh6 Ra8 21. Rd3
axb3 22. axb3 Rhg8 23. Bh3 Rg6 24. Qxh7 Rag8 25. Bxe6 R6g7 26. Qh6 fxe6 27.
Rfd1 Rg6 28. Qh3 R6g7 29. Rxd6 Qxd6 30. Rxd6 Kxd6 31. Qh6 Ke7 32. Qe3 Rb8 33.
Qc5+ Kd7 34. Kg2 Rgg8 35. h4 Rgc8 36. Qe3 Ke7 37. g4 Rd8 38. Qc5+ Rd6 39. h5
Kd7 40. h6 Rd3 41. h7 Rxb3 42. Qb5 Rd8 43. c5 1-0

[Event "BL 0405 SF Katernberg - SFR Neukölln"]
[Site "?"]
[Date "2005.01.29"]
[Round "8.4"]
[White "Smagin, Sergey"]
[Black "Borriss, Martin Dr"]
[Result "1-0"]
[WhiteElo "2565"]
[BlackElo "2439"]
[PlyCount "139"]
[EventDate "2005.??.??"]

1. e4 c5 2. c3 g6 3. d4 cxd4 4. cxd4 d5 5. e5 Nc6 6. Nc3 Bg7 7. h3 f6 8. f4
fxe5 9. fxe5 Nh6 10. g4 O-O 11. Bg2 e6 12. Nf3 Nf7 13. O-O b6 14. Rf2 a5 15.
Be3 Ba6 16. Qd2 Qe8 17. h4 h6 18. Bf1 Bxf1 19. Raxf1 a4 20. Qd3 Ne7 21. Ne2 Qd7
22. Bd2 Nh8 23. Bb4 Rf7 24. Bd6 Bf8 25. Qe3 Kg7 26. h5 Ng8 27. Nf4 g5 28. Nxd5
exd5 29. e6 Qxd6 30. exf7 Nxf7 31. Ne5 Nxe5 32. dxe5 Qe6 33. Rf7+ Qxf7 34.
Rxf7+ Kxf7 35. Qxb6 Ne7 36. Qf6+ Kg8 37. Kf1 Rc8 38. e6 Rd8 39. Ke2 d4 40. Kd3
Nc6 41. a3 Ne7 42. Qf7+ Kh8 43. Qf6+ Kg8 44. Qf3 Kg7 45. Qf2 Nc6 46. Qf5 Ne7
47. Qe5+ Kg8 48. Qc7 Rc8 49. Qd7 Rc6 50. Ke4 Rb6 51. Qxa4 Rxe6+ 52. Kxd4 Rf6
53. Kd3 Nc6 54. Qe4 Bg7 55. Qd5+ Kh7 56. b4 Bf8 57. Qe4+ Kg7 58. b5 Rd6+ 59.
Kc3 Nd4 60. a4 Kf7 61. Qb7+ Be7 62. Qe4 Bd8 63. Kb4 Rf6 64. Qh7+ Ke8 65. a5 Rf4
66. b6 Nc6+ 67. Kb5 Nxa5 68. Qxh6 Nc4 69. b7 Bc7 70. Qe6+ {Bb8} 1-0

[Event "BL 0405 SF Katernberg - SFR Neukölln"]
[Site "?"]
[Date "2005.01.29"]
[Round "8.5"]
[White "Berndt, Stephan"]
[Black "Thesing, Matthias"]
[Result "1-0"]
[WhiteElo "2438"]
[BlackElo "2420"]
[PlyCount "77"]
[EventDate "2005.??.??"]

1. e4 c5 2. Nf3 e6 3. d4 cxd4 4. Nxd4 a6 5. Bd3 Nf6 6. O-O Qc7 7. c4 Nc6 8.
Nxc6 dxc6 9. f4 e5 10. f5 Bc5+ 11. Kh1 h5 12. Nc3 Ng4 13. Qe1 Qd6 14. Be2 Ne3
15. Bxe3 Bxe3 16. Qg3 Bh6 17. Rad1 Qf6 18. c5 Bf4 19. Rxf4 exf4 20. Qxf4 g5 21.
Qe3 Qe7 22. Rd6 Bd7 23. Qd4 O-O-O 24. f6 Qe8 25. b4 Bg4 26. Bc4 Be6 27. Bd3
Rxd6 28. cxd6 Kb8 29. a4 Qd7 30. a5 Bb3 31. e5 Re8 32. Ne4 Qg4 33. h3 Qd1+ 34.
Kh2 Bd5 35. Qb6 Qxd3 36. d7 Rg8 37. Nd6 c5 38. d8=Q+ Rxd8 39. Qxd8+ 1-0